000 00572nam a2200193Ia 4500
008 131103s9999 xx 000 0 und d
040 _aLoreto College
041 _aEnglish
082 _a372.21/WOL
_bLCBED/1605
100 _aWolffheim, Nelly
245 _aPsychology in the nursery school
_cNelly Wolffheim; translated by Charles L. Hannam
260 _aLondon
_bGerald Duckworth
_c1953
300 _a144p.
_c 20cm.
504 _aIncludes index
650 _aElementary education
700 _aHannam, Charles L.; tr.
850 _aLCBED/372.21/WOL
942 _cBK
999 _c27142
_d77621